Movies Quiz

Random Movies or Clickable Quiz

AFI's 100 Heroes and Villains: Villains Quiz Stats

 Plays Quiz not verified by Sporcle

Challenge
Share
Tweet
Embed
Score 0/50 Timer 14:00
0 Plays Today
% Correct
Clyde Barrow and Bonnie Parker
89.6%
The Terminator
89.2%
Hannibal Lecter
88.4%
Hans Gruber
87.6%
Darth Vader
86.9%
Count Dracula
83%
Norman Bates
81.5%
Gordon Gekko
80.7%
Freddy Krueger
77.6%
Jack Torrance
77.6%
Nurse Ratched
77.6%
Annie Wilkes
76.4%
Alonzo Harris
76.1%
Roger 'Verbal' Kint
75.7%
Alex DeLarge
75.7%
Michael Corleone
74.1%
Travis Bickle
68%
Amon Goeth
66.8%
The Joker
65.6%
HAL 9000
64.5%
The Wicked Witch of the West
63.7%
Regan McNeil (Pazuzu)
62.2%
The Shark
61.8%
Cruella De Vil
59.8%
Frank Booth
57.5%
% Correct
Auric Goldfinger
57.1%
Joan Crawford
55.6%
Xenomorph
55.6%
Alex Forrest
54.8%
Baby Jane Hudson
52.5%
Harry Lime
49.4%
Man (from Bambi)
49.4%
Dr. Christian Szell
47.9%
Max Cady
47.5%
Captain William Bligh
47.5%
Henry F. Potter
47.5%
Caesar Enrico Bandello
47.1%
Eve Harrington
45.2%
The Queen
43.2%
Mrs. Iselin
40.2%
Mrs. Danvers
39.8%
Phyllis Dietrichson
38.2%
Reverend Harry Powell
36.7%
Noah Cross
36.3%
Cody Jarrett
34%
Martians
33.6%
J.J. Hunsecker
32%
Tony Camonte
30.9%
Regina Giddens
30.5%
Tom Powers
25.1%

You're not logged in!

Compare scores with friends on all Sporcle quizzes.
Join for Free
OR
Log In

You Might Also Like...

Show Comments

Extras

Top Quizzes Today


Score Distribution

Your Account Isn't Verified!

In order to create a playlist on Sporcle, you need to verify the email address you used during registration. Go to your Sporcle Settings to finish the process.

Report this User

Report this user for behavior that violates our Community Guidelines.

Details: